Villes par leur surnom - Statistiques

Statistiques générales
  • Ce quiz a été pris 116 fois
  • Le résultat moyen est 8 sur 15
Statistiques - réponses
Surnom Ville % Correct
La Ville Lumière Paris
98%
The Big Apple New York
97%
La cité phocéenne Marseille
94%
La Ville Éternelle Rome
87%
The Old Smoke Londres
81%
La capitale mondiale du vin Bordeaux
79%
La ville sainte Jérusalem
76%
Sin City Las Vegas
54%
La ville grise Berlin
32%
La capitale de la paix Genève
32%
La troisième Rome Moscou
32%
La jungle de béton São Paulo
9%
La ville aux mille et une portes colorées Dublin
8%
La petite Vienne Zagreb
4%
Le triangle d’or Kuala Lumpur
1%
Aucun quiz correspondant
Distribution des résultats
% des personnes avec chaque résultat
Percentile par nombre de réponses
Votre historique - résultats
Vous n’avez pas pris ce quiz